000 00872nam a22002297a 4500
003 OSt
005 20250812060423.0
008 240628b |||||||| |||| 00| 0 eng d
020 _a978-1-55620-350-3
040 _aDWCL-Main Lib.
_cOC
082 _aCirc. 344.7303 W562c 2015
100 _aWheeler, Ane Marie
245 _aThe counselor and the law :
_ba guide to legal and ethical practice/
_cAne Marie Wheeler & Bertram Burt
250 _aSeventh edition
260 _aUnited States of America :
_bAmerican Counseling Association,
_cc2015.
300 _axii, 354 pages :
_billustrations ;
_c25cm.
504 _aIncludes bibliographical references and index.
650 _a1. Counseling law and legislation --- United States.
650 _a2. Counselor --- Legal Status, Law etc.
700 _aBurt, Bertram
942 _2ddc
_cBK-CIRC
_kCirc.
_n0
_eSeventh edition
999 _c1586
_d1586